[Event "Titled Tuesday intern op 14th Nov Early"]
[Site "Chess.com INT"]
[Date "2023.11.14"]
[Round "1"]
[White "Harshavardhan, GB."]
[Black "Melaugh, Shanemelaugh"]
[Result "1-0"]
[WhiteElo "2390"]
[BlackElo "2088"]
[PlyCount "63"]
[EventDate "2023.11.14"]
[EventType "swiss (blitz)"]
[EventRounds "11"]
[EventCountry "USA"]
[SourceTitle "CB47_2023"]
[SourceDate "2023.11.22"]
[SourceVersion "1"]
[SourceVersionDate "2023.11.22"]
[SourceQuality "1"]

1. e4 c5 2. Nf3 Nc6 3. Bb5 g6 4. 0-0 Bg7 5. Re1 e5 6. c3 Nge7 7. d4 cxd4 8. cxd4 exd4 9. Bf4 0-0 10. Bd6 Re8 11. Nbd2 Qb6 12. Qa4 a6 13. Bf1 Qa5 14. Qxa5 Nxa5 15. b4 Nac6 16. Nc4 b5 17. Nb6 Rb8 18. Bxb8 Nxb8 19. Rad1 Nec6 20. a3 d6 21. Nxc8 Rxc8 22. Rc1 Re8 23. Bd3 h6 24. Bb1 a5 25. bxa5 Nxa5 26. Ba2 Nbc6 27. Red1 Rxe4 28. Bd5 Re2 29. Bxc6 Nb3 30. Rb1 Nc5 31. Bxb5 Ne6 32. Bxe2 1-0

[Event "Titled Tuesday intern op 14th Nov Early"]
[Site "Chess.com INT"]
[Date "2023.11.14"]
[Round "2"]
[White "Krivonosov, Oleg"]
[Black "Melaugh, Shanemelaugh"]
[Result "1-0"]
[WhiteElo "2350"]
[BlackElo "2088"]
[PlyCount "91"]
[EventDate "2023.11.14"]
[EventType "swiss (blitz)"]
[EventRounds "11"]
[EventCountry "USA"]
[SourceTitle "CB47_2023"]
[SourceDate "2023.11.22"]
[SourceVersion "1"]
[SourceVersionDate "2023.11.22"]
[SourceQuality "1"]

1. Nf3 f5 2. g3 Nf6 3. Bg2 d6 4. d4 e6 5. 0-0 Be7 6. c4 0-0 7. Nc3 Ne4 8. Qc2 Nxc3 9. Qxc3 a5 10. b3 Bf6 11. Bb2 Nc6 12. Qd2 e5 13. dxe5 dxe5 14. Qd5+ Kh8 15. Qxd8 Rxd8 16. Rfd1 Be6 17. Ne1 Kg8 18. Bxc6 bxc6 19. Nd3 e4 20. Bxf6 gxf6 21. Nf4 Kf7 22. f3 Ke7 23. Kf2 Rxd1 24. Rxd1 a4 25. Rd4 axb3 26. axb3 Rb8 27. fxe4 Rxb3 28. Nxe6 Kxe6 29. exf5+ Kxf5 30. Rd7 Kg6 31. Rxc7 Rb6 32. c5 Ra6 33. Kf3 h5 34. h4 Kf5 35. e3 Kg6 36. Kf4 f5 37. Rd7 Ra4+ 38. Kf3 Kf6 39. Rd6+ Ke5 40. Rxc6 Rc4 41. Rc8 Ke6 42. c6 Kd6 43. Rf8 Ke6 44. Rh8 Ke5 45. Rxh5 Rxc6 46. g4 1-0

[Event "Titled Tuesday intern op 04th Jul Early"]
[Site "Chess.com INT"]
[Date "2023.07.04"]
[Round "1"]
[White "Ozdemir, Serhan Berat"]
[Black "Melaugh, Shanemelaugh"]
[Result "1-0"]
[WhiteElo "2227"]
[BlackElo "2110"]
[PlyCount "67"]
[EventDate "2023.07.04"]
[EventType "swiss (blitz)"]
[EventRounds "11"]
[EventCountry "USA"]
[SourceTitle "EXT 2024"]
[Source "ChessBase"]
[SourceDate "2023.10.10"]
[SourceVersion "1"]
[SourceVersionDate "2023.10.10"]
[SourceQuality "1"]

1. e4 c5 2. Nf3 e6 3. c3 Nf6 4. e5 Nd5 5. d4 cxd4 6. cxd4 d6 7. a3 Nc6 8. Bd3 Qc7 9. 0-0 dxe5 10. dxe5 Nxe5 11. Nxe5 Qxe5 12. Bb5+ Bd7 13. Bxd7+ Kxd7 14. Qf3 Bd6 15. g3 Qf6 16. Qb3 Rhb8 17. Re1 Bc5 18. Re2 Ke7 19. Qxd5 Qxf2+ 20. Rxf2 Bxf2+ 21. Kxf2 exd5 22. Bf4 Rd8 23. Ke3 Rac8 24. Kd3 f6 25. Nc3 a6 26. Na4 Rc4 27. b4 g5 28. Be3 Kf7 29. Nc5 Rc8 30. Nxb7 Rc3+ 31. Kd4 Rc2 32. Nd6+ Ke6 33. Nxc8 Rxc8 34. Rc1 1-0

[Event "Titled Tuesday intern op 25th Apr Early"]
[Site "Chess.com INT"]
[Date "2023.04.25"]
[Round "6"]
[White "Melaugh, Shanemelaugh"]
[Black "Floresvillar Gonzalez, Luis Miguel"]
[Result "0-1"]
[WhiteElo "2115"]
[BlackElo "2075"]
[PlyCount "94"]
[EventDate "2023.04.25"]
[EventType "swiss (blitz)"]
[EventRounds "11"]
[EventCountry "USA"]
[SourceTitle "EXT 2024"]
[Source "ChessBase"]
[SourceDate "2023.10.10"]
[SourceVersion "1"]
[SourceVersionDate "2023.10.10"]
[SourceQuality "1"]

1. d4 e6 2. c4 Nf6 3. Nc3 d5 4. Bg5 Be7 5. e3 c6 6. Bd3 Nbd7 7. Nge2 dxc4 8. Bxc4 e5 9. 0-0 0-0 10. Qc2 exd4 11. Nxd4 Ne5 12. Be2 Bg4 13. Rad1 Qc7 14. h3 Bxe2 15. Ncxe2 Rad8 16. Nf5 h6 17. Bh4 Nd5 18. Bg3 Bf6 19. a3 Rfe8 20. Ned4 Qc8 21. b4 a6 22. e4 Ne7 23. f4 Nxf5 24. Nxf5 Ng6 25. Nd6 Rxd6 26. Rxd6 Be7 27. Rd2 Qc7 28. e5 Bh4 29. Bxh4 Nxh4 30. Kh2 g6 31. Qc3 Nf5 32. g4 Ne7 33. Rfd1 Qb6 34. Qg3 Nd5 35. Kg2 Ne3+ 36. Kf3 Nxd1 37. Rxd1 Qb5 38. Rd6 Qf1+ 39. Ke3 Qc1+ 40. Kf3 Qxa3+ 41. Kg2 Qxb4 42. Qd3 Qb2+ 43. Kf3 Qb6 44. Rxg6+ Kf8 45. Rxh6 Re6 46. Rh8+ Ke7 47. Rh5 Qb5 0-1

[Event "Titled Tuesday intern op 11th Apr Early"]
[Site "Chess.com INT"]
[Date "2023.04.11"]
[Round "3"]
[White "Bacrot, Etienne"]
[Black "Melaugh, Shanemelaugh"]
[Result "0-1"]
[WhiteElo "2663"]
[BlackElo "2115"]
[PlyCount "130"]
[EventDate "2023.04.11"]
[EventType "swiss (blitz)"]
[EventRounds "11"]
[EventCountry "USA"]
[SourceTitle "CBM 213 Extra"]
[Source "ChessBase"]
[SourceDate "2023.05.31"]
[SourceVersion "1"]
[SourceVersionDate "2023.05.31"]
[SourceQuality "1"]

1. e4 e6 2. d4 d5 3. exd5 exd5 4. Nf3 Bd6 5. c4 c6 6. Nc3 Ne7 7. Bd3 Bg4 8. 0-0 h6 9. h3 Bh5 10. c5 Bc7 11. Re1 0-0 12. Qe2 Bxf3 13. Qxe7 Bh5 14. Qxd8 Bxd8 15. Bf4 Bf6 16. Bd6 Rd8 17. Bc7 Rc8 18. Bf5 Rf8 19. Bd6 Rd8 20. Be7 Bxe7 21. Rxe7 b6 22. Rae1 Na6 23. cxb6 axb6 24. g4 Bg6 25. Bxg6 fxg6 26. R1e6 Kf8 27. Rb7 Rab8 28. Rxb8 Nxb8 29. Na4 Kf7 30. Re3 Nd7 31. Rc3 Ra8 32. b3 b5 33. Nb2 Rxa2 34. Nd3 Ra6 35. Nb4 Ra1+ 36. Kg2 Nb8 37. Kf3 Rh1 38. Ke2 g5 39. Re3 Rb1 40. Kd2 Rb2+ 41. Nc2 Nd7 42. Kc3 Rb1 43. Rf3+ Ke7 44. Nb4 Nf6 45. Nxc6+ Kd6 46. Nb4 Ne4+ 47. Kc2 Re1 48. Rf5 Rf1 49. f3 Nf6 50. Nd3 Rh1 51. f4 Rxh3 52. fxg5 hxg5 53. Rxg5 Rg3 54. Rxg7 Rxg4 55. Rb7 Rxd4 56. Rb6+ Ke7 57. Rxb5 Ne4 58. Nf4 Nd6 59. Rb6 Rxf4 60. Kd3 Ke6 61. Ke3 Re4+ 62. Kd3 Ke5 63. b4 Rh4 64. b5 Rh3+ 65. Kd2 Nc4+ 0-1

[Event "Titled Tuesday intern op 28th Mar Late"]
[Site "Chess.com INT"]
[Date "2023.03.28"]
[Round "3"]
[White "Vila Dupla, Aurelio"]
[Black "Melaugh, Shanemelaugh"]
[Result "0-1"]
[WhiteElo "2030"]
[BlackElo "2123"]
[PlyCount "118"]
[EventDate "2023.03.28"]
[EventType "swiss (blitz)"]
[EventRounds "11"]
[EventCountry "USA"]
[SourceTitle "EXT 2024"]
[Source "ChessBase"]
[SourceDate "2023.10.10"]
[SourceVersion "1"]
[SourceVersionDate "2023.10.10"]
[SourceQuality "1"]

1. Nf3 f5 2. c4 Nf6 3. g3 d6 4. d4 e6 5. Bg2 Be7 6. 0-0 0-0 7. Nc3 Ne4 8. Qc2 Nxc3 9. Qxc3 a5 10. Re1 Nc6 11. e4 fxe4 12. Rxe4 Bf6 13. Re1 e5 14. d5 Ne7 15. Nd2 Bf5 16. Ne4 Qd7 17. Be3 Bh3 18. Nxf6+ Rxf6 19. Bg5 Rf7 20. Bxe7 Rxe7 21. Qf3 Rf8 22. Qe4 Ref7 23. Rf1 Bxg2 24. Kxg2 b6 25. b3 Qe7 26. Rae1 Qg5 27. h4 Qh5 28. Qe2 Rf3 29. Qe4 Qf7 30. Re2 h6 31. Qg4 Rf6 32. h5 Rf5 33. f4 exf4 34. Ref2 Qxh5 35. Qxh5 Rxh5 36. Rxf4 Rxf4 37. Rxf4 Re5 38. Kf2 Re7 39. Rd4 g5 40. Kf3 Kg7 41. g4 Kg6 42. Rd2 Rf7+ 43. Kg3 h5 44. gxh5+ Kxh5 45. Rh2+ Kg6 46. Re2 Kf5 47. Rg2 Re7 48. Rf2+ Kg6 49. Kg4 Re4+ 50. Kg3 Rd4 51. Re2 b5 52. cxb5 Rxd5 53. Re7 Rc5 54. a4 Kf6 55. Rh7 Kf5 56. Rh6 Rc3+ 57. Kf2 Rxb3 58. b6 Rxb6 59. Rxd6 cxd6 0-1

[Event "Titled Tuesday intern op 28th Mar Early"]
[Site "Chess.com INT"]
[Date "2023.03.28"]
[Round "2"]
[White "Yelisieiev, Yevhenii"]
[Black "Melaugh, Shanemelaugh"]
[Result "0-1"]
[WhiteElo "2404"]
[BlackElo "2123"]
[PlyCount "94"]
[EventDate "2023.03.28"]
[EventType "swiss (blitz)"]
[EventRounds "11"]
[EventCountry "USA"]
[SourceTitle "EXT 2024"]
[Source "ChessBase"]
[SourceDate "2023.10.10"]
[SourceVersion "1"]
[SourceVersionDate "2023.10.10"]
[SourceQuality "1"]

1. d4 e6 2. Nf3 f5 3. d5 Be7 4. c4 Nf6 5. Nc3 0-0 6. g3 b6 7. Bg2 Bb7 8. 0-0 Bb4 9. Nd4 Bxc3 10. bxc3 Na6 11. dxe6 Bxg2 12. Kxg2 Ne4 13. exd7 Qxd7 14. Qc2 Qf7 15. f3 Nd6 16. Ba3 c5 17. Nb5 Nxc4 18. Bc1 Nc7 19. Nxc7 Qxc7 20. a4 Kh8 21. Qa2 Qf7 22. Bf4 Rae8 23. Rf2 Ne3+ 24. Bxe3 Qxa2 25. Rxa2 Rxe3 26. Ra3 Rfe8 27. Kf1 Kg8 28. Ke1 Kf7 29. Kd2 g5 30. f4 g4 31. Rb3 R3e4 32. Ra3 Rd8+ 33. Kc2 Rde8 34. Kd3 Rd8+ 35. Kc2 h5 36. a5 b5 37. a6 Rd6 38. Ra5 Rb6 39. Kd3 Kf6 40. e3 b4 41. Rxc5 bxc3 42. Ra2 Rbe6 43. Kxc3 Rxe3+ 44. Kb4 R3e4+ 45. Ka5 Rd6 46. Rc7 Rd5+ 47. Rc5 Rxc5# 0-1

[Event "Titled Tuesday intern op 07th Feb Early"]
[Site "Chess.com INT"]
[Date "2023.02.07"]
[Round "4"]
[White "Melaugh, Shanemelaugh"]
[Black "Bulmaga, Irina"]
[Result "1/2-1/2"]
[WhiteElo "2140"]
[BlackElo "2428"]
[PlyCount "119"]
[EventDate "2023.02.07"]
[EventType "swiss (blitz)"]
[EventRounds "11"]
[EventCountry "USA"]
[SourceTitle "EXT 2024"]
[Source "ChessBase"]
[SourceDate "2023.10.10"]
[SourceVersion "1"]
[SourceVersionDate "2023.10.10"]
[SourceQuality "1"]

1. c4 Nf6 2. Nc3 g6 3. g3 Bg7 4. Bg2 e5 5. e3 d6 6. Nge2 h5 7. h3 Nc6 8. a3 a5 9. Rb1 Bf5 10. d3 Qc8 11. b4 axb4 12. axb4 0-0 13. b5 Nd8 14. h4 Bg4 15. 0-0 Bh3 16. e4 Bxg2 17. Kxg2 Ne6 18. Be3 Ng4 19. Qd2 Nd4 20. Nd5 Kh7 21. Nxd4 exd4 22. Bf4 Ra3 23. Ra1 Rxa1 24. Rxa1 c6 25. bxc6 bxc6 26. Nb4 Qd7 27. Ra6 Rc8 28. Qa2 Rc7 29. Qa4 Be5 30. Nxc6 Bxf4 31. gxf4 Nf6 32. f3 Ng4 33. Nxd4 Qe7 34. fxg4 Qxh4 35. Nf3 Qxg4+ 36. Kf2 Qxf4 37. Ra7 Rxa7 38. Qxa7 h4 39. Qe3 Qg4 40. Ng5+ Kg7 41. Nf3 Qg3+ 42. Ke2 h3 43. Qf2 Qg4 44. Qh2 Qh5 45. Qxd6 Qg4 46. Qe5+ f6 47. Qh2 g5 48. c5 Qc8 49. c6 Qxc6 50. Qxh3 Qc2+ 51. Ke3 Qc1+ 52. Nd2 Qe1+ 53. Kd4 Qxd2 54. Qd7+ Kg6 55. Qf5+ Kg7 56. Qd7+ Kg6 57. Qe8+ Kg7 58. Qe7+ Kg6 59. Qe8+ Kg7 60. Qd7+ 1/2-1/2

[Event "Titled Tuesday intern op 07th Feb Early"]
[Site "Chess.com INT"]
[Date "2023.02.07"]
[Round "5"]
[White "Sekar, B."]
[Black "Melaugh, Shanemelaugh"]
[Result "1-0"]
[WhiteElo "2333"]
[BlackElo "2140"]
[PlyCount "110"]
[EventDate "2023.02.07"]
[EventType "swiss (blitz)"]
[EventRounds "11"]
[EventCountry "USA"]
[SourceTitle "EXT 2024"]
[Source "ChessBase"]
[SourceDate "2023.10.10"]
[SourceVersion "1"]
[SourceVersionDate "2023.10.10"]
[SourceQuality "1"]

1. Nf3 f5 2. d4 e6 3. g3 b6 4. Bg2 Bb7 5. 0-0 Nf6 6. c4 Be7 7. Nc3 0-0 8. d5 Bb4 9. Nd4 Bxc3 10. bxc3 Qc8 11. Bf4 Na6 12. dxe6 Bxg2 13. Kxg2 dxe6 14. Qa4 Nc5 15. Qc6 Rf7 16. Rad1 Nfe4 17. Nb5 a6 18. Nxc7 Ra7 19. Qe8+ Qxe8 20. Nxe8 Rf8 21. Nd6 Nxc3 22. Rd2 N5e4 23. Nxe4 Nxe4 24. Rb2 Rb7 25. Rfb1 b5 26. cxb5 axb5 27. Rxb5 Rxb5 28. Rxb5 Ra8 29. Rb2 Nc3 30. Be5 Nd5 31. e3 Ra7 32. Bd4 Rc7 33. a4 Rc6 34. a5 Ra6 35. Rb5 Nf6 36. Bxf6 gxf6 37. Kf3 Kg7 38. Ke2 Kg6 39. Kd3 h5 40. h4 e5 41. Kc4 Rd6 42. Rb2 Rd1 43. Ra2 Rc1+ 44. Kb5 Rb1+ 45. Kc6 Rc1+ 46. Kd7 Rd1+ 47. Ke6 Rd8 48. a6 Ra8 49. a7 f4 50. exf4 exf4 51. gxf4 Re8+ 52. Kd7 Ra8 53. Ra5 f5 54. Ke7 Kg7 55. Ke6 Kg6 1-0

[Event "Titled Tuesday intern op 10th Jan Early"]
[Site "Chess.com INT"]
[Date "2023.01.10"]
[Round "5"]
[White "Melaugh, Shanemelaugh"]
[Black "Martinez, Shawn"]
[Result "1/2-1/2"]
[WhiteElo "2140"]
[BlackElo "1881"]
[PlyCount "82"]
[EventDate "2023.01.10"]
[EventType "swiss (blitz)"]
[EventRounds "11"]
[EventCountry "USA"]
[SourceTitle "EXT 2024"]
[Source "ChessBase"]
[SourceDate "2023.10.10"]
[SourceVersion "1"]
[SourceVersionDate "2023.10.10"]
[SourceQuality "1"]

1. c4 e5 2. Nc3 Nc6 3. g3 g6 4. Bg2 Bg7 5. e3 Nge7 6. b3 d6 7. Bb2 0-0 8. Nf3 Bf5 9. d4 exd4 10. exd4 Qc8 11. 0-0 Bh3 12. Qd2 Bxg2 13. Kxg2 Nf5 14. Nd5 Re8 15. Rfe1 Qd7 16. a3 h5 17. h4 Nce7 18. Nxe7+ Rxe7 19. Rxe7 Qxe7 20. Re1 Qd7 21. d5 Re8 22. Bxg7 Nxg7 23. Ng5 Rxe1 24. Qxe1 Nf5 25. Ne4 Qe7 26. f4 Nd4 27. Qe3 Nxb3 28. Nf6+ Qxf6 29. Qxb3 b6 30. Qa4 a5 31. Qc6 Qb2+ 32. Kh3 Qc1 33. Kg2 Qb2+ 34. Kh3 Qxa3 35. Qxc7 Qc5 36. Qd8+ Kg7 37. f5 gxf5 38. Qg5+ Kf8 39. Qd8+ Kg7 40. Qg5+ Kf8 41. Qd8+ Kg7 1/2-1/2

[Event "Titled Tuesday intern op 06th Dec Early"]
[Site "Chess.com INT"]
[Date "2022.12.06"]
[Round "2"]
[White "Melaugh, Shanemelaugh"]
[Black "Cramling Bellon, Anna"]
[Result "1-0"]
[WhiteElo "2130"]
[BlackElo "2072"]
[PlyCount "83"]
[EventDate "2022.12.06"]
[EventType "swiss (blitz)"]
[EventRounds "11"]
[EventCountry "USA"]
[SourceTitle "CBM 211 Extra"]
[Source "ChessBase"]
[SourceDate "2023.01.31"]
[SourceVersion "1"]
[SourceVersionDate "2023.01.31"]
[SourceQuality "1"]

1. c4 c5 2. Nc3 Nc6 3. g3 g6 4. Bg2 Bg7 5. e4 d6 6. Nge2 e5 7. d3 Nge7 8. h4 h5 9. a3 0-0 10. Rb1 Nd4 11. 0-0 Bg4 12. f3 Be6 13. b4 b6 14. Kh2 f5 15. Bg5 Qe8 16. Nxd4 cxd4 17. Nd5 Nxd5 18. exd5 Bd7 19. f4 e4 20. Re1 e3 21. Rc1 Rc8 22. b5 Rc7 23. Qb3 Qc8 24. Qb4 Rc5 25. Be7 a5 26. Qb2 Qb8 27. Bxf8 Qxf8 28. Bf3 Bf6 29. Qe2 Qe7 30. Bxh5 gxh5 31. Qxh5 Qg7 32. Rg1 Rc8 33. a4 Qh7 34. Qf3 Re8 35. Rc2 Re7 36. Rcg2 Kh8 37. c5 bxc5 38. b6 Bc8 39. Rb1 Ba6 40. Qe2 Qg7 41. Rb3 Qg4 42. Kg1 1-0

[Event "Titled Tuesday intern op 29th Nov Late"]
[Site "Chess.com INT"]
[Date "2022.11.29"]
[Round "7"]
[White "Melaugh, Shanemelaugh"]
[Black "Hardaway, Brewington"]
[Result "0-1"]
[WhiteElo "2125"]
[BlackElo "2259"]
[PlyCount "30"]
[EventDate "2022.11.29"]
[EventType "swiss (blitz)"]
[EventRounds "11"]
[EventCountry "USA"]
[SourceTitle "EXT 2024"]
[Source "ChessBase"]
[SourceDate "2023.10.10"]
[SourceVersion "1"]
[SourceVersionDate "2023.10.10"]
[SourceQuality "1"]

1. e4 e5 2. Nf3 Nc6 3. d4 exd4 4. Bc4 Nf6 5. Ng5 Ne5 6. Qxd4 Nxc4 7. Qxc4 Qe7 8. 0-0 h6 9. e5 hxg5 10. exf6 Qxf6 11. Qxc7 Bd6 12. Re1+ Kf8 13. Qa5 b6 14. Qxg5 Bxh2+ 15. Kf1 Ba6+ 0-1

[Event "Titled Tuesday intern op 04th Oct Early"]
[Site "Chess.com INT"]
[Date "2022.10.04"]
[Round "1"]
[White "Kosakowski, Jakub"]
[Black "Melaugh, Shanemelaugh"]
[Result "1-0"]
[WhiteElo "2465"]
[BlackElo "2125"]
[PlyCount "119"]
[EventDate "2022.10.04"]
[EventType "swiss (blitz)"]
[EventRounds "11"]
[EventCountry "USA"]
[SourceTitle "EXT 2023"]
[Source "ChessBase"]
[SourceDate "2022.10.05"]
[SourceVersion "1"]
[SourceVersionDate "2022.10.05"]
[SourceQuality "1"]

1. e4 e6 2. d4 d5 3. Bd3 dxe4 4. Bxe4 Nf6 5. Bf3 c5 6. Ne2 Nc6 7. Be3 cxd4 8. Nxd4 Nxd4 9. Bxd4 Be7 10. 0-0 0-0 11. Nc3 Qc7 12. Qe2 Bd7 13. Rad1 Bc6 14. Ne4 Nxe4 15. Bxe4 Bxe4 16. Qxe4 Bd6 17. g3 b6 18. Qg4 Be5 19. Bxe5 Qxe5 20. Rd4 Rad8 21. Rfd1 h5 22. Qf4 Qxf4 23. gxf4 Rxd4 24. Rxd4 Rc8 25. c3 Rc7 26. Kg2 g6 27. Kf3 Kg7 28. Ke4 Kf6 29. a4 Rc5 30. c4 Ke7 31. b4 Rc7 32. h4 a5 33. b5 Rc5 34. Kd3 Rf5 35. Ke3 Rc5 36. Ke4 Rc7 37. Kd3 Rd7 38. Rxd7+ Kxd7 39. Kd4 Kd6 40. c5+ bxc5+ 41. Kc4 f6 42. b6 Kc6 43. b7 Kxb7 44. Kxc5 Kc7 45. Kb5 Kd6 46. Kxa5 Kc5 47. Ka6 Kc6 48. a5 e5 49. fxe5 fxe5 50. f3 Kc7 51. Kb5 Kb7 52. Kc5 Ka6 53. Kd5 Kxa5 54. Kxe5 Kb5 55. Kf6 Kc5 56. Kxg6 Kd5 57. Kxh5 Ke6 58. Kg6 Ke7 59. Kg7 Ke6 60. h5 1-0

[Event "Titled Tuesday intern op 04th Oct Early"]
[Site "Chess.com INT"]
[Date "2022.10.04"]
[Round "2"]
[White "Melaugh, Shanemelaugh"]
[Black "Musat, Adrian"]
[Result "1-0"]
[WhiteElo "2125"]
[BlackElo "2378"]
[PlyCount "51"]
[EventDate "2022.10.04"]
[EventType "swiss (blitz)"]
[EventRounds "11"]
[EventCountry "USA"]
[SourceTitle "EXT 2023"]
[Source "ChessBase"]
[SourceDate "2022.10.05"]
[SourceVersion "1"]
[SourceVersionDate "2022.10.05"]
[SourceQuality "1"]

1. e4 e5 2. Nf3 Nc6 3. d4 exd4 4. Bc4 Nf6 5. Ng5 d5 6. exd5 Nxd5 7. 0-0 Be7 8. Nxf7 Kxf7 9. Qf3+ Ke6 10. Re1+ Ne5 11. Bf4 Bf6 12. Qe4 Re8 13. Bxe5 Kf7 14. Bxd5+ Be6 15. Bxf6 Bxd5 16. Bxd8 Bxe4 17. Bxc7 Bxc2 18. Nd2 d3 19. Bf4 Re2 20. Be3 Rc8 21. Kf1 Rxe1+ 22. Kxe1 Rc6 23. Rc1 Ra6 24. a3 Re6 25. Nf3 Re4 26. Ng5+ 1-0

[Event "Titled Tuesday intern op 27th Sep Early"]
[Site "Chess.com INT"]
[Date "2022.09.27"]
[Round "2"]
[White "Melaugh, Shanemelaugh"]
[Black "Zanette, Edgard Vinicius"]
[Result "1/2-1/2"]
[WhiteElo "2109"]
[BlackElo "2115"]
[PlyCount "120"]
[EventDate "2022.09.27"]
[EventType "swiss (blitz)"]
[EventRounds "11"]
[EventCountry "USA"]
[SourceTitle "CBM 210 Extra"]
[Source "ChessBase"]
[SourceDate "2022.11.30"]
[SourceVersion "1"]
[SourceVersionDate "2022.11.30"]
[SourceQuality "1"]

1. e4 c5 2. c4 Nc6 3. Ne2 g6 4. d4 cxd4 5. Nxd4 Bg7 6. Be3 Nf6 7. Nc3 d6 8. Be2 0-0 9. 0-0 a6 10. h3 Bd7 11. Rc1 Nxd4 12. Bxd4 Bc6 13. Bf3 Rc8 14. Nd5 Nxd5 15. cxd5 Bb5 16. Bxg7 Kxg7 17. Qd4+ Kg8 18. Rfd1 Qa5 19. a3 Bd7 20. Bg4 Bxg4 21. hxg4 Qb5 22. Qd2 Qd7 23. f3 Rxc1 24. Rxc1 Rc8 25. Rc3 Rxc3 26. Qxc3 f6 27. Kf2 Kf7 28. g5 Qd8 29. gxf6 exf6 30. Qb4 Qc7 31. Kg3 h5 32. a4 g5 33. Qb3 Qe7 34. Kf2 h4 35. Ke2 Kg6 36. Qc2 Qe5 37. Qb3 Qh2 38. Kf1 Qh1+ 39. Kf2 Qh2 40. Ke3 Qxg2 41. Qxb7 Qg1+ 42. Kd3 Qd1+ 43. Ke3 Qc1+ 44. Kd3 Qd1+ 45. Kc4 Qc2+ 46. Kd4 Qd2+ 47. Kc4 Qc2+ 48. Kd4 Qxa4+ 49. b4 Qb5 50. Qc8 Qxb4+ 51. Ke3 Qb3+ 52. Kf2 Qb2+ 53. Ke3 Qb6+ 54. Ke2 Qb2+ 55. Ke3 Qb3+ 56. Ke2 Qa2+ 57. Ke3 Qa3+ 58. Ke2 Qa2+ 59. Ke3 Qa3+ 60. Ke2 Qa2+ 1/2-1/2

[Event "Titled Tuesday intern op 27th Sep Late"]
[Site "Chess.com INT"]
[Date "2022.09.27"]
[Round "5"]
[White "Riehle, Marco"]
[Black "Melaugh, Shanemelaugh"]
[Result "1-0"]
[WhiteElo "2353"]
[BlackElo "2109"]
[PlyCount "41"]
[EventDate "2022.09.27"]
[EventType "swiss (blitz)"]
[EventRounds "11"]
[EventCountry "USA"]
[SourceTitle "CBM 210 Extra"]
[Source "ChessBase"]
[SourceDate "2022.11.30"]
[SourceVersion "1"]
[SourceVersionDate "2022.11.30"]
[SourceQuality "1"]

1. e4 e6 2. c4 d5 3. cxd5 exd5 4. Qb3 dxe4 5. Bc4 Qe7 6. Nc3 Nf6 7. d3 exd3+ 8. Be3 d2+ 9. Kf1 c6 10. Bxd2 Be6 11. Re1 Qd6 12. Bxe6 Qd3+ 13. Nce2 Qxd2 14. Bxf7+ Ke7 15. Nf4+ Kd8 16. Rd1 Qxd1+ 17. Qxd1+ Nbd7 18. Nf3 Kc7 19. Ne6+ Kb6 20. Qb3+ Ka6 21. Nc7+ 1-0

[Event "Titled Tuesday intern op 20th Sep Late"]
[Site "Chess.com INT"]
[Date "2022.09.20"]
[Round "3"]
[White "Olsen, Filip Boe"]
[Black "Melaugh, Shanemelaugh"]
[Result "1-0"]
[WhiteElo "2446"]
[BlackElo "2109"]
[PlyCount "125"]
[EventDate "2022.09.20"]
[EventType "swiss (blitz)"]
[EventRounds "11"]
[EventCountry "USA"]
[SourceTitle "EXT 2023"]
[Source "ChessBase"]
[SourceDate "2022.10.05"]
[SourceVersion "1"]
[SourceVersionDate "2022.10.05"]
[SourceQuality "1"]

1. d4 e6 2. Nf3 f5 3. Bf4 Nf6 4. e3 b6 5. c4 Bb7 6. Nc3 Bb4 7. Bd3 0-0 8. 0-0 Bxc3 9. bxc3 Ne4 10. Nd2 Nxd2 11. Qxd2 d6 12. f3 Nd7 13. e4 e5 14. Bg5 Qe8 15. exf5 h6 16. Bh4 Qh5 17. Bg3 Rae8 18. Rae1 Qf7 19. Re3 Ba6 20. Qe2 exd4 21. cxd4 Rxe3 22. Qxe3 Bxc4 23. Bxc4 Qxc4 24. Qe6+ Qxe6 25. fxe6 Nf6 26. f4 g6 27. f5 Re8 28. Bh4 g5 29. Bg3 Kg7 30. h4 Ne4 31. Be1 d5 32. hxg5 hxg5 33. Rf3 Kf6 34. g4 Rh8 35. Kg2 c5 36. dxc5 bxc5 37. Rd3 d4 38. Rd1 Rb8 39. Kf3 Nd6 40. Bg3 Rb6 41. Rh1 d3 42. Rh6+ Ke7 43. f6+ Kxe6 44. f7+ Kxf7 45. Rxd6 Rb2 46. Rd7+ Ke6 47. Rxa7 Kd5 48. Rd7+ Kc4 49. a4 Ra2 50. Re7 Kc3 51. Be5+ Kc2 52. Rc7 d2 53. Rxc5+ Kd3 54. Rd5+ Kc2 55. Ke2 Kc1 56. Rc5+ Kb1 57. Kd1 Rxa4 58. Kxd2 Rxg4 59. Rb5+ Ka2 60. Bc3 Ka3 61. Kc2 Rg2+ 62. Bd2 Ka4 63. Ra5# 1-0

[Event "Titled Tuesday intern op 16th Aug Early"]
[Site "Chess.com INT"]
[Date "2022.08.16"]
[Round "1"]
[White "Boros, Denes"]
[Black "Melaugh, Shanemelaugh"]
[Result "1-0"]
[WhiteElo "2402"]
[BlackElo "2109"]
[PlyCount "55"]
[EventDate "2022.08.16"]
[EventType "swiss (blitz)"]
[EventRounds "11"]
[EventCountry "USA"]
[SourceTitle "EXT 2023"]
[Source "ChessBase"]
[SourceDate "2022.10.05"]
[SourceVersion "1"]
[SourceVersionDate "2022.10.05"]
[SourceQuality "1"]

1. e4 e6 2. b3 d5 3. Bb2 dxe4 4. Nc3 Nf6 5. Qe2 c5 6. Nxe4 Be7 7. Nf3 Nc6 8. 0-0-0 Nxe4 9. Qxe4 Bf6 10. d4 0-0 11. Bd3 g6 12. dxc5 Bxb2+ 13. Kxb2 Qa5 14. h4 Qxc5 15. h5 f5 16. Qf4 Qe7 17. hxg6 hxg6 18. Ng5 Qf6+ 19. Kb1 Ne5 20. Nh7 Qg7 21. Nxf8 Kxf8 22. Bb5 Nf7 23. Qb4+ Kg8 24. Be8 e5 25. Bxf7+ Qxf7 26. Rd8+ Kg7 27. Qh4 b5 28. Qh8# 1-0

[Event "Titled Tuesday intern op 09th Aug Early"]
[Site "Chess.com INT"]
[Date "2022.08.09"]
[Round "7"]
[White "Eynullayev, Altay Elshan"]
[Black "Melaugh, Shanemelaugh"]
[Result "1-0"]
[WhiteElo "2223"]
[BlackElo "2109"]
[PlyCount "59"]
[EventDate "2022.08.09"]
[EventType "swiss (blitz)"]
[EventRounds "11"]
[EventCountry "USA"]
[SourceTitle "EXT 2023"]
[Source "ChessBase"]
[SourceDate "2022.10.05"]
[SourceVersion "1"]
[SourceVersionDate "2022.10.05"]
[SourceQuality "1"]

1. e4 c5 2. Nf3 Nc6 3. Bb5 g6 4. Bxc6 dxc6 5. d3 Bg7 6. h3 e5 7. Nc3 Nh6 8. Be3 b6 9. Qd2 Ng8 10. 0-0 Ne7 11. Nh2 0-0 12. f4 exf4 13. Bxf4 Be6 14. Bh6 c4 15. Bxg7 Kxg7 16. d4 b5 17. Rad1 f5 18. Nf3 b4 19. Ng5 Qd6 20. Ne2 fxe4 21. Nxe4 Qd5 22. Qxb4 Nf5 23. N2c3 Qd7 24. Nc5 Qf7 25. Nxe6+ Qxe6 26. Rfe1 Qf7 27. Qc5 Ne3 28. Qe5+ Qf6 29. Qxf6+ Rxf6 30. Rxe3 1-0